000 00726nam a2200205Ia 4500
005 20241216011451.0
008 190429s9999||||xx |||||||||||||| ||und||
082 _a338.1
_bL31
100 _aLAVERIANO GUERRA FLORENCIO
245 0 _aLA PEQUEÑA AGROINDUSTRIAL BASE DEL DESARROLLO DE LA COMUNIDAD CAMPESINA DE PAUCARTAMBO PASCO
250 _a0
260 _aCERRO DE PASCO-PERU
_bUNDAC
_c2007
300 _a107 pag.
_c30 cm.
341 _h0
490 _v0
_a0
505 _aPLANTEAMIENTO DEL PROBLEMA DE INVESTIGACION/MARCO TEORICO Y CONCEPTUAL/METODOLOGIA DE LA INVESTIGACION/ANALISIS E INTERPRETACION DE RESULTADOS
541 _aD
_bLAVERIANO GUERRA FLORENCI
_d12-Jun-09
_oSoles
650 _aEconomía
942 _cTESIS
999 _c42658
_d42658